000 01904nam a2200517 i 4500
001 9319
003 KOSZ 005
005 20201109140248.0
008 200407s1972 pl a f 001 0 pol
015 _aUWD 1973/1902
035 _a991032498419705066
035 _a(PL-WaBN)b18719752-48omnis_nlop
035 _ab18719752
035 _a(OCoLC)749511148
035 _a(PL)b0000001871975
035 _a(EXLNZ-48OMNIS_NETWORK)9910499846705606
040 _aWA N
_cWA N
_dKOSZ 005/RW
046 _k1972
080 _a517.4
080 _a621.3
100 1 _aOsiowski, Jerzy
_d(1927- 2013)
_eAutor
245 1 0 _aZarys rachunku operatorowego :
_bteoria i zastosowania w elektrotechnice /
_cJerzy Osiowski.
250 _aWydanie 2 zmienione.
260 _aWarszawa :
_bWydawnictwa Naukowo-Techniczne,
_c1972.
300 _a659 stron :
_bilustracje ;
_c25 cm.
336 _aTekst
_btxt
_2rdacontent
337 _aBez urządzenia posredniczącego
_bn
_2rdamedia
338 _aWolumin
_bnc
_2rdacarrier
380 _aKsiążki
380 _aPublikacje fachowe
380 _aPublikacje dydaktyczne
388 _a1901-2000
388 _a1945-1989
504 _aBibliografia przy rozdziałach. Indeks.
521 8 _aKsiążka przeznaczona jest dla magistrów i inżynierów elektroników i elektryków. Mogą z niej również korzystać inżynierowie innych specjalności, a także matematycy oraz studenci wyższych uczelni.
650 7 _aElektrotechnika
_2DBN
650 7 _aMetody
650 7 _aRachunek operatorowy
_2DBN
650 7 _aZastosowanie i wykorzystanie
655 7 _aPodręcznik
658 _aInżynieria i technika
710 2 _aWydawnictwa Naukowo-Techniczne
_4pbl
856 _uhttp://koha.tu.koszalin.pl/cgi-bin/koha/opac-detail.pl?biblionumber=9319
_yKatalog online BPK
942 _2UKD
_cKS
999 _c9319
_d9319